Rating ako jedna z metód hodnotenia rizík

Rating, jeho charakteristika, význam a dôležitosť. Súhrnná ratingová stupnica. Postavenie ratingu, ratingových agentúr a ich regulácia. Ratingové agentúry boli označené za jedného z vinníkov krízy, keďže poskytovali optimistické ratingy. Európsky parlament a rada prijali opatrenia, aby boli vyžiadan...

Descrizione completa

Salvato in:
Dettagli Bibliografici
Autore principale: Töröková, Zuzana
Natura: Capitolo di libro
Lingua:slovacco
Soggetti:
Tags: Aggiungi Tag
Nessun Tag, puoi essere il primo ad aggiungerne!!

MARC

LEADER 00000nla a2200000 4500
001 0164132
005 20240506130907.4
041 0 |a slo 
044 |a SK 
245 1 0 |a Rating ako jedna z metód hodnotenia rizík  |c Zuzana Töröková 
520 |a Rating, jeho charakteristika, význam a dôležitosť. Súhrnná ratingová stupnica. Postavenie ratingu, ratingových agentúr a ich regulácia. Ratingové agentúry boli označené za jedného z vinníkov krízy, keďže poskytovali optimistické ratingy. Európsky parlament a rada prijali opatrenia, aby boli vyžiadané ratingy výrazne objektívnejšie. Zároveň prikázal ratingovým agentúram pôsobiacim v EÚ zverejňovať metodiku hodnotenia rizika jednotlivých subjektov. 
610 2 0 |a riziko 
610 2 0 |a agentúry 
610 2 0 |a rating 
610 2 0 |a kríza 
100 1 |a Töröková, Zuzana